載入...
Sapt Rekhacitr
| 其他作者: | |
|---|---|
| 格式: | Printed Book |
| 語言: | English |
| 出版: |
Allahabad
Ramnarayanlal Beniprasad
1972
|
| 版: | 2nd |
| LEADER | 00589nam a2200241 a 4500 | ||
|---|---|---|---|
| 001 | adlib96000001 | ||
| 003 | ViArRB | ||
| 005 | 20151026131246.0 | ||
| 008 | 960221s1955 dcuabcdjdbkoqu001 0deng d | ||
| 020 | |||
| 022 | |||
| 040 | |a Adlib | ||
| 082 | |a 92 | ||
| 245 | |a Sapt Rekhacitr | ||
| 250 | |a 2nd | ||
| 260 | |a Allahabad |b Ramnarayanlal Beniprasad |c 1972 | ||
| 300 | |a 69p. | ||
| 500 | |a | ||
| 100 | |a Agraval, Dhurv |e Editor | ||
| 700 | |||
| 942 | |c BK |6 _ | ||
| 999 | |c 23675 |d 23675 | ||
| 952 | |0 0 |1 0 |4 0 |6 92H_AGR |7 0 |9 35265 |a UL |b UL |d 2010-06-16 |o 92=H AGR |p H0004123 |r 2010-06-16 |w 2010-06-16 |y BK | ||